[Event "IV Open Citta di Castellaneta"]
[Site "Castellaneta (TA)"]
[Date "2000.08.30"]
[Round "3"]
[White "Palac, Mladen"]
[Black "Chatalbashev, Boris"]
[Result "1/2-1/2"]
[WhiteElo "2573"]
[BlackElo "2494"]
[PlyCount "47"]
[EventDate "2000.08.??"]

1. e4 g6 2. d4 Bg7 3. Nc3 c6 4. Be3 d5 5. Qd2 dxe4 6. Nxe4 Bf5 7. Ng3 Be6 8.
Nf3 Nf6 9. c4 O-O 10. h3 b5 11. b3 bxc4 12. bxc4 c5 13. Be2 Bd7 14. O-O cxd4
15. Nxd4 Nc6 16. Rab1 Nxd4 17. Bxd4 Bc6 18. Qb2 Qa5 19. Bc3 Qg5 20. Rfe1 Rfd8
21. Bf1 Ne8 22. Ne4 Bxe4 23. Rxe4 Bxc3 24. Qxc3 1/2-1/2

[Event "IV Open Citta di Castellaneta"]
[Site "Castellaneta (TA)"]
[Date "2000.08.30"]
[Round "3"]
[White "Polushkina, Svetlana"]
[Black "Ausmins, Elmar"]
[Result "0-1"]
[WhiteElo "2092"]
[BlackElo "2324"]
[PlyCount "74"]
[EventDate "2000.08.??"]

1. d4 g6 2. c4 Bg7 3. Nc3 c5 4. Nf3 cxd4 5. Nxd4 Nc6 6. e3 Nf6 7. Be2 O-O 8.
O-O d5 9. cxd5 Nxd5 10. Nxc6 bxc6 11. Nxd5 cxd5 12. Bf3 Bb7 13. Rb1 Rb8 14. b4
e5 15. b5 Re8 16. Bb2 d4 17. Bxb7 Rxb7 18. a4 Qd5 19. Ba1 Rc8 20. Qb3 Qe4 21.
exd4 exd4 22. f3 Qf5 23. Rfd1 Rd8 24. Qd3 Qd5 25. Bb2 h5 26. Re1 Qa2 27. Ba3
Rc8 28. Re2 Qc4 29. Qxc4 Rxc4 30. Rb4 Rc8 31. Bb2 d3 32. Rd2 Rc2 33. Rxc2 dxc2
34. Ba3 Bf8 35. Rc4 Bxa3 36. Rxc2 Bb4 37. Rc4 Ba5 0-1

[Event "IV Open Citta di Castellaneta"]
[Site "Castellaneta (TA)"]
[Date "2000.08.30"]
[Round "3"]
[White "Raineri, Valerio"]
[Black "Ljubisavljevic, Zivojin"]
[Result "0-1"]
[WhiteElo "2136"]
[BlackElo "2282"]
[PlyCount "42"]
[EventDate "2000.08.??"]

1. e4 Nf6 2. e5 Nd5 3. d4 d6 4. c4 Nb6 5. exd6 cxd6 6. Nc3 g6 7. Be3 Bg7 8. Rc1
O-O 9. Nf3 Bg4 10. h3 Bxf3 11. Qxf3 Nc6 12. Qd1 f5 13. f4 e5 14. dxe5 dxe5 15.
Qxd8 Rfxd8 16. c5 exf4 17. Bxf4 Re8+ 18. Kd1 Nd7 19. Bc4+ Kh8 20. Na4 Rad8 21.
Kc2 Re4 0-1

[Event "IV Open Citta di Castellaneta"]
[Site "Castellaneta (TA)"]
[Date "2000.08.30"]
[Round "3"]
[White "Rausis, Igors"]
[Black "Naumkin, Igor"]
[Result "1/2-1/2"]
[WhiteElo "2551"]
[BlackElo "2440"]
[PlyCount "118"]
[EventDate "2000.08.??"]

1. c4 e5 2. g3 Nf6 3. Bg2 c6 4. d4 exd4 5. Qxd4 d5 6. Nf3 Be7 7. cxd5 cxd5 8.
O-O O-O 9. Nc3 Nc6 10. Qa4 Qb6 11. Qb5 d4 12. Qxb6 axb6 13. Nb5 Rd8 14. Rd1 Bc5
15. Bg5 Ra5 16. a4 Bf5 17. Rdc1 Raa8 18. Nd2 Rac8 19. Nb3 Be7 20. Bxc6 Rxc6 21.
N3xd4 Rxc1+ 22. Rxc1 Bh3 23. Rc7 Rd7 24. Rc8+ Rd8 25. Rxd8+ Bxd8 26. Nd6 Ne8
27. Bxd8 Nxd6 28. b3 b5 29. Bc7 Ne8 30. Nxb5 Be6 31. b4 Bb3 32. a5 Bc4 33. Nd6
Nxd6 34. Bxd6 Bxe2 35. f4 f5 36. Kf2 Bd1 37. Ke3 Kf7 38. Kd4 Ke6 39. Kc5 Bf3
40. b5 g6 41. Bf8 Kd7 42. Bg7 h5 43. Bf6 Bg2 44. Kb6 Kc8 45. Bd4 Bf3 46. Kc5
Kd7 47. Be5 Bg2 48. Bc3 Bf3 49. Kd4 Ke6 50. Bb4 Bg2 51. Be1 Bf3 52. Kc5 Kd7 53.
Kb6 Kc8 54. Bd2 Bg2 55. Be1 Bf3 56. Bd2 Bg2 57. Bc3 Bf3 58. Ka7 Bg2 59. Bf6 Bf3
1/2-1/2

[Event "IV Open Citta di Castellaneta"]
[Site "Castellaneta (TA)"]
[Date "2000.08.30"]
[Round "3"]
[White "Spasov, Vasil"]
[Black "Miezis, Normunds"]
[Result "1/2-1/2"]
[WhiteElo "2593"]
[BlackElo "2518"]
[PlyCount "47"]
[EventDate "2000.08.??"]

1. e4 c5 2. Nf3 e6 3. b3 Nc6 4. Bb2 Nf6 5. e5 Nd5 6. g3 Be7 7. Bg2 O-O 8. O-O
f6 9. exf6 Bxf6 10. Bxf6 Qxf6 11. Na3 b6 12. Nb5 Rb8 13. c4 Nde7 14. d4 d5 15.
dxc5 bxc5 16. Qc1 Bd7 17. Qg5 h6 18. Qxf6 Rxf6 19. Nd2 Nb4 20. Nxa7 Rb7 21. Nb5
Bxb5 22. cxb5 Rxb5 23. Rfc1 Ra5 24. Bf1 1/2-1/2

[Event "IV Open Citta di Castellaneta"]
[Site "Castellaneta (TA)"]
[Date "2000.??.??"]
[Round "3"]
[White "Tamborino, Pasquale"]
[Black "Sardo, Gabriele"]
[Result "1/2-1/2"]
[WhiteElo "1912"]
[BlackElo "2189"]
[PlyCount "76"]
[EventDate "2000.08.??"]

1. d4 d5 2. Nf3 Nf6 3. c4 dxc4 4. e3 Bg4 5. h3 Bh5 6. Bxc4 e6 7. Nc3 Nbd7 8.
O-O Bd6 9. e4 e5 10. d5 O-O 11. Bg5 h6 12. Bh4 g5 13. Bg3 Bg6 14. Re1 Nh5 15.
Rc1 Qf6 16. Nh2 Nf4 17. Ng4 Qg7 18. Ne3 Kh7 19. Bd3 Qf6 20. Bb1 a6 21. a3 h5
22. Nf5 Bxf5 23. exf5 Kh6 24. Ne4 Qe7 25. Rc3 Nf6 26. Nxf6 Qxf6 27. Be4 Rg8 28.
Rb3 b6 29. Rc3 Rg7 30. Kh1 Rag8 31. Rg1 h4 32. Bxf4 gxf4 33. Qf3 Rg5 34. Rc6
Qd8 35. Rc3 R8g7 36. Rc6 f6 37. Rc3 Qg8 38. Rc6 Qd8 1/2-1/2

[Event "IV Open Citta di Castellaneta"]
[Site "Castellaneta (TA)"]
[Date "2000.08.30"]
[Round "3"]
[White "Tommaselli, Giacomo"]
[Black "Clemente, Giuseppe"]
[Result "1-0"]
[WhiteElo "2102"]
[BlackElo "1903"]
[PlyCount "59"]
[EventDate "2000.08.??"]

1. d4 d5 2. Nf3 Nf6 3. Bg5 e6 4. e3 Be7 5. Nbd2 Nbd7 6. Bd3 c5 7. c3 Qc7 8. O-O
Bd6 9. Qe2 h6 10. Bh4 g5 11. Bg3 c4 12. Bc2 Nb6 13. e4 dxe4 14. Nxe4 Nxe4 15.
Bxe4 Bxg3 16. fxg3 Bd7 17. Ne5 Rf8 18. Qh5 O-O-O 19. Qxh6 f5 20. Ng6 Rfe8 21.
Bc2 g4 22. Qf4 Nd5 23. Qxc7+ Kxc7 24. Rae1 b5 25. Nf4 Nxf4 26. gxf4 Rh8 27. Rf2
Rh6 28. d5 Rdh8 29. g3 exd5 30. Re5 {flag} 1-0

[Event "IV Open Citta di Castellaneta"]
[Site "Castellaneta (TA)"]
[Date "2000.08.30"]
[Round "3"]
[White "Tommasini, Enzo"]
[Black "Capuano, Eugenio"]
[Result "1/2-1/2"]
[WhiteElo "2086"]
[BlackElo "2176"]
[PlyCount "55"]
[EventDate "2000.08.??"]

1. Nf3 f5 2. g3 Nf6 3. Bg2 g6 4. O-O Bg7 5. d4 O-O 6. c4 d6 7. Nc3 Qe8 8. Re1
Qf7 9. b3 Ne4 10. Bb2 Nc6 11. Rc1 e5 12. e3 Nxc3 13. Bxc3 e4 14. Ng5 Qe7 15. h4
Nd8 16. f4 Ne6 17. b4 h6 18. Nh3 Bd7 19. Qb3 Kh8 20. Kf2 Bf6 21. Rh1 Kg7 22. d5
Nd8 23. Ng1 c6 24. Ne2 Nf7 25. Rcd1 Rab8 26. Rd2 Rfc8 27. Rc2 c5 28. b5 1/2-1/2

[Event "IV Open Citta di Castellaneta"]
[Site "Castellaneta (TA)"]
[Date "2000.08.30"]
[Round "4"]
[White "Alaimo, Riccardo"]
[Black "Benedetti, Fabrizio"]
[Result "1/2-1/2"]
[WhiteElo "2089"]
[BlackElo "2186"]
[PlyCount "65"]
[EventDate "2000.08.??"]

1. e4 c5 2. Nc3 Nc6 3. f4 d6 4. Nf3 e6 5. Bc4 Be7 6. O-O Nf6 7. d3 O-O 8. Qe1
a6 9. a4 Nd7 10. Bb3 Bf6 11. Kh1 Qc7 12. Ne2 Rb8 13. c3 b5 14. axb5 axb5 15. d4
e5 16. fxe5 dxe5 17. d5 Na5 18. Bc2 Nc4 19. Ng3 g6 20. b3 Nd6 21. Bh6 Re8 22.
h4 Bb7 23. h5 Ra8 24. hxg6 hxg6 25. Qe3 Rxa1 26. Rxa1 Ra8 27. Rxa8+ Bxa8 28.
Bg5 Qd8 29. Kg1 Bb7 30. Nh1 Bxg5 31. Nxg5 c4 32. b4 Qb6 33. Kf2 1/2-1/2

[Event "IV Open Citta di Castellaneta"]
[Site "Castellaneta (TA)"]
[Date "2000.08.30"]
[Round "4"]
[White "Ariete, Gerardo"]
[Black "Clemente, Giuseppe"]
[Result "1-0"]
[WhiteElo "1933"]
[BlackElo "1903"]
[PlyCount "63"]
[EventDate "2000.08.??"]

1. e4 c6 2. d4 d5 3. Nc3 dxe4 4. Nxe4 Bf5 5. Ng3 Bg6 6. Nf3 Nd7 7. Bd3 Qc7 8.
h4 Ngf6 9. h5 Bxd3 10. Qxd3 e6 11. h6 g6 12. Bg5 Be7 13. O-O-O O-O-O 14. Qe2
Nd5 15. Bxe7 Nxe7 16. Ng5 Qf4+ 17. Qd2 Qxd2+ 18. Rxd2 Rdf8 19. N3e4 Kc7 20. c4
Nc8 21. Rh3 Kd8 22. d5 exd5 23. cxd5 c5 24. Ne6+ fxe6 25. dxe6 Ke7 26. exd7 Nb6
27. Nxc5 Rd8 28. Re3+ Kf7 29. a4 Nc4 30. Rf3+ Ke7 31. Re2+ Kd6 32. Nxb7+ 1-0

[Event "IV Open Citta di Castellaneta"]
[Site "Castellaneta (TA)"]
[Date "2000.08.30"]
[Round "4"]
[White "Bentivegna, Francesco"]
[Black "Tommasini, Enzo"]
[Result "1/2-1/2"]
[WhiteElo "2173"]
[BlackElo "2086"]
[PlyCount "77"]
[EventDate "2000.08.??"]

1. e4 e6 2. d4 d5 3. e5 c5 4. c3 Qb6 5. Nf3 Bd7 6. Bd3 Bb5 7. dxc5 Bxc5 8.
Bxb5+ Qxb5 9. Na3 Bxa3 10. bxa3 Nd7 11. a4 Qc4 12. Qd4 Rc8 13. Rb1 Qa6 14. Qb4
b6 15. Qb5 Qxb5 16. axb5 Rxc3 17. Kd2 Rc4 18. Ba3 Nc5 19. Rhc1 Ne4+ 20. Ke1 Ne7
21. Rxc4 dxc4 22. Rb4 Nc3 23. Bb2 Ncd5 24. Rxc4 Kd7 25. Ra4 Nc8 26. Ng5 f6 27.
exf6 gxf6 28. Ne4 e5 29. g3 h5 30. h4 Rf8 31. Nd2 Ke6 32. Ne4 Rf7 33. Nd2 Nd6
34. Kf1 Nxb5 35. Rc4 Rc7 36. Rxc7 Nbxc7 37. f3 b5 38. a4 a5 39. Nb3 1/2-1/2

[Event "IV Open Citta di Castellaneta"]
[Site "Castellaneta (TA)"]
[Date "2000.08.30"]
[Round "4"]
[White "Capuano, Eugenio"]
[Black "Galioto, Natale"]
[Result "1/2-1/2"]
[WhiteElo "2176"]
[BlackElo "2128"]
[PlyCount "41"]
[EventDate "2000.08.??"]

1. e4 e6 2. d4 d5 3. Nc3 dxe4 4. Nxe4 Nd7 5. Bd3 Ngf6 6. Qe2 Nxe4 7. Bxe4 c6 8.
Nf3 Nf6 9. Bd3 Be7 10. Bd2 Qb6 11. O-O-O Bd7 12. Bg5 h6 13. Be3 Qa5 14. Kb1
O-O-O 15. Ne5 Be8 16. Bd2 Qc7 17. c3 Nd7 18. Nc4 Nb6 19. Ne5 Nd7 20. Bf4 Bd6
21. Bg3 1/2-1/2

[Event "IV Open Citta di Castellaneta"]
[Site "Castellaneta (TA)"]
[Date "2000.08.30"]
[Round "4"]
[White "Castrogiovanni, Carlo"]
[Black "Genocchio, Daniele"]
[Result "0-1"]
[WhiteElo "2094"]
[BlackElo "2201"]
[PlyCount "36"]
[EventDate "2000.08.??"]

1. d4 g6 2. g3 Bg7 3. Bg2 Nf6 4. Nf3 O-O 5. O-O d6 6. c4 c6 7. Nc3 Nbd7 8. h3
e5 9. dxe5 dxe5 10. e4 Qe7 11. Be3 b6 12. Qc2 Bb7 13. Rfd1 Rfd8 14. Rd2 Nc5 15.
Rad1 Rxd2 16. Rxd2 Bf8 17. a3 Qe6 18. Bg5 Kh8 *

[Event "IV Open Citta di Castellaneta"]
[Site "Castellaneta (TA)"]
[Date "2000.08.30"]
[Round "4"]
[White "Collutiis, Duilio"]
[Black "Aleksic, Nenad"]
[Result "1/2-1/2"]
[WhiteElo "2286"]
[BlackElo "2407"]
[PlyCount "38"]
[EventDate "2000.08.??"]

1. e4 c5 2. Nf3 d6 3. d4 cxd4 4. Nxd4 Nf6 5. f3 a6 6. c4 e6 7. Nc3 Be7 8. Be2
O-O 9. O-O b6 10. Nc2 Bb7 11. Ne3 Nbd7 12. b3 Rc8 13. Qd2 Re8 14. Bb2 Qc7 15.
Rac1 Bf8 16. Bd3 Qb8 17. Kh1 Red8 18. Bb1 Ba8 19. Qe2 Qb7 1/2-1/2

[Event "IV Open Citta di Castellaneta"]
[Site "Castellaneta (TA)"]
[Date "2000.08.30"]
[Round "4"]
[White "Cucinella, Vincenzo"]
[Black "Ferretti, Folco"]
[Result "1/2-1/2"]
[WhiteElo "2116"]
[BlackElo "2278"]
[PlyCount "57"]
[EventDate "2000.08.??"]

1. Nf3 Nf6 2. g3 b5 3. Bg2 Bb7 4. d3 e6 5. e4 c5 6. Nbd2 Nc6 7. O-O Be7 8. Re1
d6 9. Nf1 O-O 10. Ne3 Qc7 11. a4 a6 12. Nh4 Nd7 13. f4 g6 14. Nf3 f5 15. c3
bxa4 16. Qxa4 Nd8 17. Nc4 Bc6 18. Qc2 fxe4 19. dxe4 Nb6 20. Na5 Bd7 21. c4 Nc6
22. Nxc6 Bxc6 23. Bd2 Qb7 24. Ba5 Bf6 25. Bxb6 Qxb6 26. e5 dxe5 27. Nxe5 Bxg2
28. Kxg2 Rab8 29. Ra2 1/2-1/2

[Event "IV Open Citta di Castellaneta"]
[Site "Castellaneta (TA)"]
[Date "2000.08.30"]
[Round "4"]
[White "Curione, Francesco"]
[Black "Polushkina, Svetlana"]
[Result "1-0"]
[WhiteElo "2195"]
[BlackElo "2092"]
[PlyCount "51"]
[EventDate "2000.08.??"]

1. d4 d5 2. Nf3 e6 3. e3 c5 4. Bd3 Nf6 5. b3 Nc6 6. Bb2 cxd4 7. exd4 Bb4+ 8. c3
Bd6 9. O-O O-O 10. Nbd2 e5 11. dxe5 Nxe5 12. Nxe5 Bxe5 13. h3 Ne4 14. Nxe4 dxe4
15. Bxe4 Qh4 16. Qf3 g5 17. Bf5 Bxf5 18. Qxf5 f6 19. Qe6+ Kg7 20. Rfe1 Qf4 21.
g3 Qd2 22. Rad1 Qxb2 23. Rd7+ Kg6 24. Qe7 Kf5 25. g4+ Kf4 26. Rd4+ 1-0

[Event "IV Open Citta di Castellaneta"]
[Site "Castellaneta (TA)"]
[Date "2000.08.30"]
[Round "4"]
[White "De Santis, Alessio"]
[Black "Gorbatow, Alexej"]
[Result "0-1"]
[WhiteElo "2309"]
[BlackElo "2411"]
[PlyCount "89"]
[EventDate "2000.08.??"]

1. d4 Nf6 2. c4 e6 3. g3 c5 4. d5 exd5 5. cxd5 Bd6 6. Bg2 O-O 7. Nc3 Re8 8. Nf3
Bc7 9. O-O d6 10. Qc2 a6 11. a4 Nbd7 12. b3 Rb8 13. Bb2 b5 14. axb5 axb5 15.
Nd2 Nf8 16. e4 Bd7 17. h3 Ng6 18. Kh2 Ba5 19. f4 Bb4 20. Rae1 Rc8 21. Nf3 c4
22. Nd4 Rc5 23. Nc6 Bxc6 24. dxc6 Qb8 25. Qd1 cxb3 26. Qxb3 Bxc3 27. Bxc3 Nxe4
28. Bd4 Rc4 29. f5 Nf8 30. Qb2 f6 31. Rf4 d5 32. Qb3 Kh8 33. Bf1 Rxc6 34. Qxd5
Rc2+ 35. Bg2 Nd6 36. Rf2 Rxf2 37. Bxf2 Nc4 38. Rb1 Ne5 39. Rxb5 Qc8 40. g4 h5
41. Qd1 hxg4 42. hxg4 Qc4 43. Rc5 Qxg4 44. Qxg4 Nxg4+ 45. Kg3 *

[Event "IV Open Citta di Castellaneta"]
[Site "Castellaneta (TA)"]
[Date "2000.08.30"]
[Round "4"]
[White "Delizia, Costantino"]
[Black "Artizzu, Giulio"]
[Result "1-0"]
[WhiteElo "2230"]
[BlackElo "2095"]
[PlyCount "91"]
[EventDate "2000.08.??"]

1. e4 c5 2. c3 d5 3. exd5 Qxd5 4. d4 Nf6 5. Nf3 Bg4 6. Be2 e6 7. O-O Be7 8. Be3
cxd4 9. Nxd4 Bxe2 10. Qxe2 O-O 11. c4 Qa5 12. a3 a6 13. Nc3 Qc7 14. b4 Nc6 15.
Rfd1 Nxd4 16. Bxd4 Rac8 17. c5 Qc6 18. Rd3 Rfd8 19. Rad1 Nd5 20. Qg4 f6 21. Rg3
g6 22. Rgd3 Nxc3 23. Bxc3 Rxd3 24. Rxd3 Rd8 25. Rxd8+ Bxd8 26. Qd4 Qd5 27. Qxd5
exd5 28. Kf1 Kf7 29. Ke2 Ke6 30. Kd3 Bc7 31. g3 g5 32. h3 h5 33. a4 g4 34. hxg4
hxg4 35. b5 axb5 36. axb5 Be5 37. Ba5 Kd7 38. Bd2 Kc7 39. Be3 Kd7 40. Bd4 Kc7
41. Ke3 Kd7 42. Bxe5 fxe5 43. f3 gxf3 44. Kxf3 Ke6 45. g4 e4+ 46. Kf4 1-0

[Event "IV Open Citta di Castellaneta"]
[Site "Castellaneta (TA)"]
[Date "2000.08.30"]
[Round "4"]
[White "Dragojlovic, Andjelko"]
[Black "Esposito, Luca"]
[Result "1-0"]
[WhiteElo "2395"]
[BlackElo "2175"]
[PlyCount "69"]
[EventDate "2000.08.??"]

1. e4 c5 2. Nf3 d6 3. c3 Nf6 4. Be2 g6 5. O-O Bg7 6. Re1 O-O 7. Bf1 Bg4 8. h3
Bxf3 9. Qxf3 Nc6 10. Qd1 Nd7 11. Na3 Rb8 12. Nc2 b5 13. d4 b4 14. Be3 a5 15. d5
Na7 16. cxb4 axb4 17. Qc1 Re8 18. Bh6 Bh8 19. Ne3 Nb5 20. f4 Qc7 21. Kh1 Rb7
22. Bxb5 Rxb5 23. Nc4 Reb8 24. e5 dxe5 25. Qe3 Nb6 26. Nxb6 Qxb6 27. fxe5 c4
28. Qf3 Bg7 29. Bxg7 Kxg7 30. Rad1 Rd8 31. d6 exd6 32. Qf6+ Kg8 33. Rxd6 Rxd6
34. exd6 Qb8 35. d7 1-0

[Event "IV Open Citta di Castellaneta"]
[Site "Castellaneta (TA)"]
[Date "2000.08.30"]
[Round "4"]
[White "Ficco, Corrado"]
[Black "Coratella, Giuseppe"]
[Result "1/2-1/2"]
[WhiteElo "2144"]
[BlackElo "2077"]
[PlyCount "68"]
[EventDate "2000.08.??"]

1. d4 Nf6 2. c4 g6 3. Nc3 Bg7 4. e4 d6 5. f3 O-O 6. Be3 e5 7. d5 Nbd7 8. Qd2
Ne8 9. g4 f5 10. gxf5 gxf5 11. Bg5 Bf6 12. Bxf6 Qxf6 13. O-O-O f4 14. Nh3 Qh4
15. Rg1+ Kh8 16. Ng5 Ndf6 17. Ne6 Bxe6 18. dxe6 Ng7 19. e7 Rfe8 20. Nd5 Nxd5
21. Qxd5 Qxe7 22. Bh3 Ne6 23. Bxe6 Qxe6 24. c5 Qxd5 25. Rxd5 Rad8 26. Rgd1 Re6
27. R1d2 Kg7 28. Kc2 Kf7 29. b4 Ke7 30. b5 c6 31. bxc6 bxc6 32. R5d3 Rd7 33.
Kc3 Rh6 34. Kc4 Rg6 1/2-1/2

[Event "IV Open Citta di Castellaneta"]
[Site "Castellaneta (TA)"]
[Date "2000.08.30"]
[Round "4"]
[White "Foisor, Ovidiu"]
[Black "Martorelli, Antonio"]
[Result "1/2-1/2"]
[WhiteElo "2404"]
[BlackElo "2272"]
[PlyCount "55"]
[EventDate "2000.08.??"]

1. Nf3 Nf6 2. g3 g6 3. b3 Bg7 4. Bb2 O-O 5. Bg2 d6 6. d4 a5 7. a3 Nc6 8. O-O
Bf5 9. h3 e5 10. dxe5 dxe5 11. Nxe5 Qxd1 12. Rxd1 Nxe5 13. Bxe5 Bxc2 14. Rc1
Bxb3 15. Bxb7 Rae8 16. f4 Rxe5 17. fxe5 Nd7 18. Nd2 Be6 19. Nc4 Nc5 20. Nxa5
Nxb7 21. Nxb7 Bxe5 22. Rab1 Ra8 23. a4 Rxa4 24. Nc5 Ra3 25. Nxe6 Rxg3+ 26. Kf2
fxe6 27. Rd1 Kg7 28. Rd3 1/2-1/2

[Event "IV Open Citta di Castellaneta"]
[Site "Castellaneta (TA)"]
[Date "2000.08.30"]
[Round "4"]
[White "Glek, Igor"]
[Black "Grigore, George"]
[Result "1/2-1/2"]
[WhiteElo "2553"]
[BlackElo "2508"]
[PlyCount "92"]
[EventDate "2000.08.??"]

1. e4 c5 2. Nf3 Nc6 3. Bb5 g6 4. O-O Bg7 5. Re1 Nf6 6. e5 Nd5 7. Nc3 Nc7 8.
Bxc6 dxc6 9. Ne4 Ne6 10. d3 O-O 11. Be3 b6 12. Qd2 Nd4 13. Nxd4 cxd4 14. Bh6 c5
15. h4 Bb7 16. h5 Qd5 17. Bxg7 Kxg7 18. Qf4 h6 19. f3 Rac8 20. b3 g5 21. Qg3
Kh7 22. a4 a5 23. Re2 Qe6 24. Rae1 Bxe4 25. Rxe4 Rg8 26. Rg4 Rg7 27. Qf2 Kg8
28. Ree4 Kh8 29. Re1 Rcg8 30. Qe2 Rb8 31. Re4 g4 32. fxg4 Rbg8 33. Rf1 Rxg4 34.
Rxg4 Rxg4 35. Rxf7 Rxg2+ 36. Kxg2 Qxf7 37. Qf3 Qg7+ 38. Kh3 Qxe5 39. Qf8+ Kh7
40. Qf7+ Qg7 41. Qf5+ Kh8 42. Qc8+ Qg8 43. Qf5 Qb8 44. Kg4 Qg8+ 45. Kf4 Qe8 46.
Qe5+ Kg8 1/2-1/2

[Event "IV Open Citta di Castellaneta"]
[Site "Castellaneta (TA)"]
[Date "2000.08.30"]
[Round "4"]
[White "Gueci, Riccardo"]
[Black "Rizzo, Giovanbattista"]
[Result "1-0"]
[WhiteElo "2169"]
[BlackElo "2068"]
[PlyCount "95"]
[EventDate "2000.08.??"]

1. e4 c5 2. c3 d6 3. d4 Nf6 4. Bd3 cxd4 5. cxd4 e5 6. d5 Be7 7. Ne2 Na6 8. Nbc3
Nc5 9. Bb5+ Bd7 10. Bxd7+ Qxd7 11. f3 a5 12. a4 Bd8 13. O-O O-O 14. Kh1 Ne8 15.
g4 Bb6 16. Ng3 g6 17. Bh6 Ng7 18. Ra3 f6 19. Nb1 Rf7 20. Nd2 Na6 21. Nc4 Bc5
22. Rc3 Nb4 23. Be3 Bxe3 24. Rxe3 Ra6 25. Na3 Ne8 26. Nb5 Ra8 27. Ne2 Nc7 28.
Nec3 Nca6 29. Ree1 Nc5 30. Re3 Raf8 31. Rg1 Kh8 32. b3 f5 33. gxf5 gxf5 34.
exf5 Rxf5 35. Ne4 Nxe4 36. fxe4 Rf4 37. Qh5 Nc2 38. Rh3 R4f6 39. Qh4 Nd4 40.
Nxd4 exd4 41. Rhg3 Qf7 42. Qh3 Rf1 43. Rg8+ Qxg8 44. Rxf1 Rxf1+ 45. Qxf1 Qg7
46. Qf5 Qe7 47. Qc8+ Kg7 48. Qg4+ *

[Event "IV Open Citta di Castellaneta"]
[Site "Castellaneta (TA)"]
[Date "2000.08.30"]
[Round "4"]
[White "Iordachescu, Viorel"]
[Black "Rausis, Igors"]
[Result "1/2-1/2"]
[WhiteElo "2594"]
[BlackElo "2551"]
[PlyCount "20"]
[EventDate "2000.08.??"]

1. e4 c5 2. Nf3 d6 3. Bb5+ Bd7 4. Bxd7+ Nxd7 5. c4 Ngf6 6. Nc3 g6 7. O-O Bg7 8.
d4 cxd4 9. Nxd4 a6 10. b3 Qa5 1/2-1/2

[Event "IV Open Citta di Castellaneta"]
[Site "Castellaneta (TA)"]
[Date "2000.08.30"]
[Round "4"]
[White "Ljubisavljevic, Zivojin"]
[Black "Tamborino, Pasquale"]
[Result "1-0"]
[WhiteElo "2282"]
[BlackElo "1912"]
[PlyCount "49"]
[EventDate "2000.08.??"]

1. e4 e5 2. Nf3 Nc6 3. Nc3 Nf6 4. d4 exd4 5. Nxd4 Bb4 6. Nxc6 bxc6 7. Bd3 d5 8.
exd5 cxd5 9. O-O O-O 10. Bg5 c6 11. Qf3 Be7 12. h3 Be6 13. Ne2 Rb8 14. b3 c5
15. Ng3 g6 16. Rad1 Nd7 17. Bf4 Rb6 18. c4 d4 19. Rfe1 Re8 20. Re2 a5 21. Rde1
Ra6 22. Be4 Nf6 23. Bc6 Bd7 24. Bxd7 Nxd7 25. Qd5 1-0

[Event "IV Open Citta di Castellaneta"]
[Site "Castellaneta (TA)"]
[Date "2000.08.30"]
[Round "4"]
[White "Mazzilli, Piero"]
[Black "Bratanov, Zsivko"]
[Result "1/2-1/2"]
[WhiteElo "2183"]
[BlackElo "2400"]
[PlyCount "61"]
[EventDate "2000.08.??"]

1. e4 c5 2. Nf3 e6 3. c3 d5 4. e5 Bd7 5. d4 Qb6 6. Be2 Bb5 7. Qb3 Bxe2 8. Qxb6
axb6 9. Kxe2 Nc6 10. Be3 f6 11. exf6 Nxf6 12. Nbd2 Bd6 13. Rhe1 Kd7 14. Kf1
Rhe8 15. a3 e5 16. dxe5 Nxe5 17. Nxe5+ Bxe5 18. Bg5 b5 19. Nf3 Ne4 20. Nxe5+
Rxe5 21. f3 Rf5 22. Be3 b6 23. Rad1 Raf8 24. Kg1 Nd6 25. b3 Re8 26. Bf2 Rxe1+
27. Rxe1 Rf6 28. Kf1 g6 29. b4 Kc6 30. Re7 h6 31. Bg3 1/2-1/2

[Event "IV Open Citta di Castellaneta"]
[Site "Castellaneta (TA)"]
[Date "2000.08.30"]
[Round "4"]
[White "Miezis, Normunds"]
[Black "Palac, Mladen"]
[Result "1/2-1/2"]
[WhiteElo "2518"]
[BlackElo "2573"]
[PlyCount "32"]
[EventDate "2000.08.??"]

1. c4 Nf6 2. Nc3 d5 3. cxd5 Nxd5 4. g3 e5 5. Bg2 Nb6 6. Nf3 Nc6 7. Rb1 f6 8.
O-O Be6 9. a3 Be7 10. b4 O-O 11. d3 a5 12. b5 Nd4 13. Nd2 Bd5 14. Bh3 Be6 15.
Bg2 Bd5 16. Bh3 Be6 1/2-1/2

[Event "IV Open Citta di Castellaneta"]
[Site "Castellaneta (TA)"]
[Date "2000.08.30"]
[Round "4"]
[White "Passerotti, Pierluigi"]
[Black "Orlov, Andrey"]
[Result "0-1"]
[WhiteElo "2265"]
[BlackElo "2367"]
[PlyCount "112"]
[EventDate "2000.08.??"]

1. d4 Nf6 2. Bg5 Ne4 3. Bf4 d5 4. f3 Nd6 5. Nc3 Nc4 6. e4 Nxb2 7. Qb1 Nc4 8.
Nxd5 Nd6 9. Bd3 e6 10. Ne3 f6 11. Ne2 Nf7 12. Bg3 Bd6 13. f4 c5 14. c3 cxd4 15.
cxd4 Qa5+ 16. Kf2 Nc6 17. Nc4 Qd8 18. Nxd6+ Nxd6 19. Rd1 Ne7 20. Kg1 O-O 21. a4
b6 22. f5 exf5 23. e5 Ne4 24. Bxe4 fxe4 25. d5 fxe5 26. d6 Ng6 27. Qxe4 Bd7 28.
Rac1 Rc8 29. h4 Rxc1 30. Rxc1 Qf6 31. Rc7 Qxd6 32. Qc4+ Be6 33. Qc6 Qxc6 34.
Rxc6 Bg4 35. Nc3 Rc8 36. Rxc8+ Bxc8 37. Nd5 Be6 38. h5 Bxd5 39. hxg6 h5 40.
Bxe5 Bc6 41. Bb8 Bxa4 42. Bxa7 b5 43. Bc5 Bc2 44. Kf2 Bxg6 45. Kf3 Kf7 46. Kf4
Bb1 47. Kg5 g6 48. g4 hxg4 49. Kxg4 Ke6 50. Kf4 Kd5 51. Be7 Kc4 52. Ke3 b4 53.
Kd2 b3 54. Bf6 Bf5 55. Ke3 Kb4 56. Kf4 Ka3 0-1

[Event "IV Open Citta di Castellaneta"]
[Site "Castellaneta (TA)"]
[Date "2000.08.30"]
[Round "4"]
[White "Piscopo, Pierluigi"]
[Black "Campanile, Roberto"]
[Result "1/2-1/2"]
[WhiteElo "2134"]
[BlackElo "2173"]
[PlyCount "86"]
[EventDate "2000.08.??"]

1. e4 c5 2. Nf3 d6 3. d4 cxd4 4. Nxd4 Nf6 5. Nc3 a6 6. Bc4 e6 7. Bb3 Be7 8. f4
Qc7 9. O-O Nc6 10. Be3 Bd7 11. f5 Nxd4 12. Bxd4 e5 13. Be3 Bc6 14. Qd3 Rc8 15.
a4 Qa5 16. Rae1 Ng4 17. Kh1 h6 18. Bg1 Rd8 19. Nd5 Bxd5 20. Bxd5 O-O 21. Bxb7
Rb8 22. Bxa6 Rxb2 23. Bc4 Qxa4 24. Bb3 Qb4 25. Ra1 Bg5 26. Rfd1 Nf6 27. Ra4 Qb7
28. Qxd6 Nxe4 29. Qxe5 Rxb3 30. cxb3 Qxb3 31. Rda1 Nf6 32. Qd4 Qd5 33. h4 Bd2
34. Rd1 Qxd4 35. Rxd4 Bc3 36. R4d3 Be5 37. Bc5 Rc8 38. Rd8+ Rxd8 39. Rxd8+ Kh7
40. Bd4 Bxd4 41. Rxd4 h5 42. Kh2 Ng4+ 43. Kg3 Ne5 1/2-1/2

[Event "IV Open Citta di Castellaneta"]
[Site "Castellaneta (TA)"]
[Date "2000.08.30"]
[Round "4"]
[White "Pulito, Alberto"]
[Black "Raineri, Valerio"]
[Result "0-1"]
[WhiteElo "2086"]
[BlackElo "2136"]
[PlyCount "77"]
[EventDate "2000.08.??"]

1. e4 e5 2. Nf3 Nc6 3. Nc3 Nf6 4. Bb5 Bb4 5. O-O O-O 6. d3 d6 7. Bg5 Bxc3 8.
bxc3 Bd7 9. Re1 h6 10. Bh4 Qe7 11. d4 Rad8 12. Rb1 b6 13. Qd3 Nb8 14. Bxd7
Nbxd7 15. Nd2 g5 16. Bg3 Ne8 17. Nf1 Ng7 18. Ne3 c6 19. f3 Nf6 20. a4 Qc7 21.
Qa6 Rb8 22. Qc4 Rfc8 23. Qe2 Nfh5 24. Ng4 Nxg3 25. hxg3 Kh7 26. Qd3 Qe7 27. f4
h5 28. Ne3 gxf4 29. gxf4 exf4 30. e5+ Kh8 31. Nf5 Qe6 32. Nxd6 Rg8 33. c4 Rbd8
34. d5 cxd5 35. cxd5 Qg4 36. Qe2 Qg6 37. Ne4 Nf5 38. Nf6 Ng3 39. Qf3 *